[Event "Collado Villalba op 39th"]
[Site "Collado Villalba"]
[Date "2022.08.26"]
[Round "7"]
[White "Lopez Villegas, Rodrigo"]
[Black "Martin Martin, Luis Vicente"]
[Result "0-1"]
[WhiteElo "1423"]
[BlackElo "1888"]
[PlyCount "107"]
[EventDate "2022.08.20"]
[EventType "swiss"]
[EventRounds "9"]
[EventCountry "ESP"]
[SourceTitle "EXT 2023"]
[Source "ChessBase"]
[SourceDate "2022.10.05"]
[SourceVersion "1"]
[SourceVersionDate "2022.10.05"]
[SourceQuality "1"]

1. e4 g6 2. d4 Bg7 3. Nf3 c5 4. dxc5 Qa5+ 5. c3 Qxc5 6. Na3 Nf6 7. Nb5 b6 8. b4 Qc6 9. e5 Nd5 10. Nfd4 Qb7 11. Bc4 Nc7 12. Qf3 Qxf3 13. Nxc7+ Kd8 14. gxf3 Kxc7 15. Bf4 Nc6 16. Nxc6 dxc6 17. 0-0-0 e6 18. Rd3 Rd8 19. Rxd8 Kxd8 20. Bg5+ Ke8 21. Rd1 Bd7 22. f4 a5 23. Kb2 axb4 24. cxb4 h6 25. Bh4 g5 26. Bg3 Rd8 27. fxg5 hxg5 28. Kc2 Bf8 29. Kb3 c5 30. b5 Bc8 31. Rxd8+ Kxd8 32. h4 gxh4 33. Bxh4+ Kc7 34. Kc3 Bh6 35. Be7 Bf4 36. Bd6+ Kd7 37. Kd3 Bb7 38. Bb8 Kc8 39. Bd6 Kd7 40. Bb8 Kc8 41. Bd6 Bd5 42. a4 f6 43. a5 bxa5 44. b6 Kb7 45. Bxc5 Bxe5 46. Bb5 f5 47. Ke3 Bf6 48. Kf4 Bd8 49. Ke5 Bxb6 50. Ba3 Bxf2 51. Bd7 Bg3+ 52. Kf6 f4 53. Bxe6 Bxe6 54. Kxe6 0-1

[Event "Collado Villalba op 39th"]
[Site "Collado Villalba"]
[Date "2022.08.20"]
[Round "1"]
[White "Martin Martin, Luis Vicente"]
[Black "Fernandez Rios, Jose Francisco"]
[Result "1-0"]
[WhiteElo "1888"]
[BlackElo "1705"]
[PlyCount "60"]
[EventDate "2022.08.20"]
[EventType "swiss"]
[EventRounds "9"]
[EventCountry "ESP"]
[SourceTitle "EXT 2023"]
[Source "ChessBase"]
[SourceDate "2022.10.05"]
[SourceVersion "1"]
[SourceVersionDate "2022.10.05"]
[SourceQuality "1"]

1. d4 Nf6 2. Bg5 e6 3. e4 h6 4. Bxf6 Qxf6 5. Nc3 d6 6. Nf3 Qd8 7. Bd3 Be7 8. 0-0 0-0 9. Qe2 Nd7 10. e5 Re8 11. Qe4 Nf8 12. Rad1 d5 13. Qe3 Bd7 14. Ne2 c5 15. c3 cxd4 16. Nfxd4 a6 17. f4 b5 18. a3 Qc7 19. Kh1 Rab8 20. Rf3 f6 21. Rg3 f5 22. Qf3 g6 23. Rh3 Kh7 24. g4 Bc5 25. Qg3 Bxd4 26. Nxd4 Bc8 27. Rg1 fxg4 28. Qxg4 Qf7 29. Nf3 Kg7 30. Qh4 h5 1-0

[Event "Madrid-ch Seniors 50"]
[Site "Madrid"]
[Date "2022.03.29"]
[Round "2"]
[White "Marin Aso, Jose Luis"]
[Black "Martin Martin, Luis Vicente"]
[Result "0-1"]
[WhiteElo "1834"]
[BlackElo "1927"]
[PlyCount "60"]
[EventDate "2022.03.28"]
[EventType "swiss"]
[EventRounds "9"]
[EventCountry "ESP"]
[SourceTitle "EXT 2023"]
[Source "ChessBase"]
[SourceDate "2022.10.05"]
[SourceVersion "1"]
[SourceVersionDate "2022.10.05"]
[SourceQuality "1"]

1. c4 e5 2. Nc3 Nf6 3. Nf3 Nc6 4. d4 exd4 5. Nxd4 Bb4 6. Bg5 h6 7. Bh4 g5 8. Bg3 d6 9. e3 Bd7 10. Be2 Ne4 11. Qc2 Bxc3+ 12. bxc3 Nxg3 13. hxg3 Qf6 14. Rb1 b6 15. Qe4+ Qe5 16. Bf3 Qxe4 17. Bxe4 Nxd4 18. Bxa8 Ne6 19. Bf3 Nc5 20. Kd2 Bf5 21. Bc6+ Kf8 22. Rbc1 Kg7 23. f3 Rc8 24. g4 Bd3 25. f4 f6 26. fxg5 fxg5 27. Bd5 c6 28. Be6 Rc7 29. Rh3 Be4 30. Rh2 Nxe6 0-1

[Event "Madrid-ch Seniors 50"]
[Site "Madrid"]
[Date "2020.01.22"]
[Round "8"]
[White "Martin Martin, Luis Vicente"]
[Black "Camarero Izquierdo, Juan Carlos"]
[Result "1/2-1/2"]
[WhiteElo "1985"]
[BlackElo "1807"]
[PlyCount "86"]
[EventDate "2020.01.13"]
[EventType "swiss"]
[EventRounds "9"]
[EventCountry "ESP"]
[SourceTitle "CBM 194 Extra"]
[Source "ChessBase"]
[SourceDate "2020.03.31"]
[SourceVersion "1"]
[SourceVersionDate "2020.03.31"]
[SourceQuality "1"]

1. e4 c5 2. Nf3 d6 3. d4 cxd4 4. Qxd4 a6 5. c4 Nf6 6. Nc3 e6 7. Be2 Be7 8. 0-0 0-0 9. Rd1 Nc6 10. Qd2 Ng4 11. b3 Qb6 12. Rf1 Bf6 13. Bb2 Nce5 14. Nxe5 Nxe5 15. Na4 Qc7 16. f4 Nd7 17. Bxf6 Nxf6 18. Qe3 Bd7 19. Nb6 Rad8 20. e5 dxe5 21. fxe5 Ne8 22. Nxd7 Rxd7 23. Rad1 Rxd1 24. Rxd1 g6 25. Bf3 Ng7 26. g4 b5 27. c5 b4 28. Rd6 a5 29. Qd4 Qe7 30. c6 Qg5 31. c7 Qc1+ 32. Kg2 Qxc7 33. Qc4 Qa7 34. Ra6 Qe3 35. Rxa5 Rd8 36. Qe4 Qd2+ 37. Kh3 h5 38. gxh5 Qh6 39. Ra8 Rxa8 40. Qxa8+ Kh7 41. Qe4 Nxh5 42. Bxh5 Qxh5+ 43. Kg3 Qg5+ 1/2-1/2

[Event "Madrid-ch Seniors 50"]
[Site "Madrid"]
[Date "2020.01.13"]
[Round "1"]
[White "Lopez Orellana, Federico"]
[Black "Martin Martin, Luis Vicente"]
[Result "1/2-1/2"]
[WhiteElo "1714"]
[BlackElo "1985"]
[PlyCount "69"]
[EventDate "2020.01.13"]
[EventType "swiss"]
[EventRounds "9"]
[EventCountry "ESP"]
[SourceTitle "CBM 194 Extra"]
[Source "ChessBase"]
[SourceDate "2020.03.31"]
[SourceVersion "1"]
[SourceVersionDate "2020.03.31"]
[SourceQuality "1"]

1. f4 b6 2. b3 Bb7 3. Nf3 Nf6 4. e3 g6 5. Bb2 Bg7 6. Be2 0-0 7. 0-0 d6 8. Nc3 Nbd7 9. Ng5 c5 10. Bf3 d5 11. Ne2 Qc7 12. d3 e5 13. g3 h6 14. Nh3 e4 15. Bg2 Ng4 16. Bxg7 Kxg7 17. Qd2 exd3 18. Nc3 Ndf6 19. Qxd3 Qe7 20. Rae1 Rad8 21. Nf2 Nxf2 22. Rxf2 d4 23. Na4 Ng4 24. Rfe2 Nxe3 25. Bxb7 Qxb7 26. Nb2 Qc6 27. Nc4 Nxc4 28. Qxc4 Rfe8 29. Re7 Rxe7 30. Rxe7 Qd5 31. Qxd5 Rxd5 32. Rxa7 d3 33. cxd3 Rxd3 34. Ra6 Rd2 35. a4 1/2-1/2

[Event "Collado Villalba op-A 36th"]
[Site "Collado Villalba"]
[Date "2019.08.31"]
[Round "9"]
[White "Martin Martin, Luis Vicente"]
[Black "Garcia Galeote, Lorenzo"]
[Result "1/2-1/2"]
[WhiteElo "1957"]
[BlackElo "1849"]
[PlyCount "43"]
[EventDate "2019.08.23"]
[EventType "swiss"]
[EventRounds "9"]
[EventCountry "ESP"]
[SourceTitle "CBM 192 Extra"]
[Source "Chessbase"]
[SourceDate "2019.11.06"]
[SourceVersion "1"]
[SourceVersionDate "2019.11.06"]
[SourceQuality "1"]

1. d4 d5 2. Bf4 Bf5 3. c4 c6 4. cxd5 Qxd5 5. Nc3 Qa5 6. e3 Nf6 7. Bd3 Bxd3 8. Qxd3 Nd5 9. Bg3 e6 10. Nge2 Nd7 11. 0-0 Be7 12. a3 Nxc3 13. Qxc3 Qxc3 14. Nxc3 0-0 15. Rac1 Nb6 16. Ne4 Nd5 17. Bd6 Bxd6 18. Nxd6 Rab8 19. Nc4 Rfd8 20. Rfd1 Rd7 21. Ne5 Rdd8 22. Nf3 1/2-1/2

[Event "Collado Villalba op-A 36th"]
[Site "Collado Villalba"]
[Date "2019.08.30"]
[Round "8"]
[White "Martin Martin, Luis Vicente"]
[Black "Fernandez Estremera, Fernando"]
[Result "0-1"]
[WhiteElo "1957"]
[BlackElo "1944"]
[PlyCount "72"]
[EventDate "2019.08.23"]
[EventType "swiss"]
[EventRounds "9"]
[EventCountry "ESP"]
[SourceTitle "CBM 192 Extra"]
[Source "Chessbase"]
[SourceDate "2019.11.06"]
[SourceVersion "1"]
[SourceVersionDate "2019.11.06"]
[SourceQuality "1"]

1. d4 d5 2. Bf4 Nf6 3. e3 c5 4. c3 Nc6 5. Nd2 Bf5 6. Qb3 Qd7 7. Ngf3 c4 8. Qd1 b5 9. a3 e6 10. Nh4 Bd6 11. Nxf5 exf5 12. Bxd6 Qxd6 13. g3 0-0 14. Bg2 g6 15. 0-0 Rfe8 16. Qc2 Re7 17. a4 Rb8 18. axb5 Rxb5 19. Ra6 Ne4 20. b4 Nxb4 21. Rxd6 Nxc2 22. Bxe4 fxe4 23. Rc1 Rb2 24. Rxd5 Nxe3 25. fxe3 Rxd2 26. Rc5 Rb7 27. Rxc4 Rbb2 28. Re1 Rg2+ 29. Kh1 Rxh2+ 30. Kg1 Rbg2+ 31. Kf1 Rf2+ 32. Kg1 Rhg2+ 33. Kh1 Rxg3 34. Ra4 h5 35. c4 Rgg2 36. c5 h4 0-1

[Event "Collado Villalba op-A 36th"]
[Site "Collado Villalba"]
[Date "2019.08.25"]
[Round "3"]
[White "Simonyan, Arturo"]
[Black "Martin Martin, Luis Vicente"]
[Result "0-1"]
[WhiteElo "1919"]
[BlackElo "1957"]
[PlyCount "83"]
[EventDate "2019.08.23"]
[EventType "swiss"]
[EventRounds "9"]
[EventCountry "ESP"]
[SourceTitle "CBM 192 Extra"]
[Source "Chessbase"]
[SourceDate "2019.11.06"]
[SourceVersion "1"]
[SourceVersionDate "2019.11.06"]
[SourceQuality "1"]

1. e4 e6 2. d4 d5 3. Nc3 dxe4 4. Nxe4 Nd7 5. Nf3 Ngf6 6. Ng3 c5 7. Bc4 b5 8. Bd3 c4 9. Be2 Bb7 10. a4 a6 11. 0-0 Be7 12. Bf4 0-0 13. b3 Nd5 14. Be3 Nc3 15. Qe1 Nxe2+ 16. Qxe2 cxb3 17. cxb3 bxa4 18. bxa4 a5 19. Rfb1 Bb4 20. Ne1 Nf6 21. Nc2 Qd5 22. f3 Ba6 23. Qd1 Rab8 24. Bd2 Bd3 25. Ne2 Qc4 26. Ne3 Qa6 27. Bxb4 axb4 28. Rb2 Rfd8 29. Nc1 Rxd4 30. Nc2 Rd7 31. Nxb4 Qb6+ 32. Kh1 Bg6 33. Qe1 Qd4 34. Raa2 Rxb4 35. Rd2 Qa7 36. Rxd7 Qxd7 37. a5 Rd4 38. Nd3 Rxd3 39. Ra1 Qa7 40. a6 h6 41. h3 Rd6 42. Qa5 0-1

[Event "Madrid-ch Seniors 50"]
[Site "Madrid"]
[Date "2019.01.08"]
[Round "2"]
[White "Martin Martin, Luis Vicente"]
[Black "Marcos Herrero, Francisco"]
[Result "1-0"]
[WhiteElo "1981"]
[BlackElo "1855"]
[PlyCount "93"]
[EventDate "2019.01.07"]
[EventType "swiss"]
[EventRounds "9"]
[EventCountry "ESP"]
[SourceTitle "CBM 188 Extra"]
[Source "ChessBase"]
[SourceDate "2019.02.26"]
[SourceVersion "1"]
[SourceVersionDate "2019.02.26"]
[SourceQuality "1"]

1. d4 Nf6 2. Bf4 c5 3. e3 b6 4. Nf3 g6 5. h3 Bg7 6. Be2 Bb7 7. 0-0 d6 8. Nbd2 Nbd7 9. a4 a6 10. c3 0-0 11. Bh2 Qc7 12. Qb1 Rfc8 13. Re1 Bh6 14. Bf1 Qc6 15. Qa2 b5 16. dxc5 Nxc5 17. Nd4 Qb6 18. a5 Qd8 19. b4 Nce4 20. Nxe4 Nxe4 21. c4 bxc4 22. Bxc4 d5 23. Bd3 Bg7 24. Rac1 e5 25. Nb3 d4 26. Bxe4 Rxc1 27. Rxc1 Bxe4 28. exd4 exd4 29. Nc5 Rc8 30. Rd1 Bd5 31. Qe2 Qf6 32. f3 Qg5 33. Kh1 h5 34. Qxa6 Re8 35. Qd3 Re3 36. Qf1 Rc3 37. Ne4 Bxe4 38. fxe4 Qe3 39. Qf4 Qe2 40. Rf1 f6 41. Bg1 d3 42. Bd4 Rc2 43. Qf3 Qxf3 44. gxf3 d2 45. Be3 Rc1 46. Rxc1 dxc1Q+ 47. Bxc1 1-0

[Event "Collado Villalba op-A 35th"]
[Site "Collado Villalba"]
[Date "2018.08.27"]
[Round "4"]
[White "Martin Martin, Luis Vicente"]
[Black "Unciti Juan, Javier"]
[Result "1-0"]
[WhiteElo "1998"]
[BlackElo "1999"]
[PlyCount "90"]
[EventDate "2018.08.24"]
[EventType "swiss"]
[EventRounds "9"]
[EventCountry "ESP"]
[SourceTitle "CBM 186 Extra"]
[Source "ChessBase"]
[SourceDate "2018.08.24"]
[SourceVersion "1"]
[SourceVersionDate "2018.08.24"]
[SourceQuality "1"]

1. d4 d5 2. Bf4 Nf6 3. e3 c5 4. c3 Qb6 5. Qb3 Nc6 6. Nd2 g6 7. Qxb6 axb6 8. Bc7 Nd7 9. Bb5 Bg7 10. Ngf3 0-0 11. 0-0 f6 12. e4 cxd4 13. exd5 Na7 14. Nxd4 Nxb5 15. Nxb5 Ne5 16. Bxb6 Bf5 17. Nd4 Bd3 18. Rfe1 Rfc8 19. N4f3 Kf7 20. Nxe5+ fxe5 21. a4 Bh6 22. Nf3 e4 23. Ne5+ Kf8 24. Be3 Bg7 25. Nd7+ Ke8 26. Nb6 Rd8 27. Nxa8 Rxa8 28. Bb6 Kd7 29. a5 Kd6 30. f3 exf3 31. Re6+ Kxd5 32. Rxe7 Bf6 33. Rd7+ Kc4 34. Ra4+ Kb3 35. Rb4+ Kc2 36. Rxh7 fxg2 37. Kxg2 Re8 38. Rxb7 Re2+ 39. Bf2 Be7 40. Rxe7 Rxe7 41. Rb6 Re5 42. b4 Kxc3 43. Bc5 Re2+ 44. Kg3 Ra2 45. h4 Bc4 1-0

[Event "Madrid-ch Seniors 50"]
[Site "Madrid"]
[Date "2018.01.16"]
[Round "7"]
[White "Martin Martin, Luis Vicente"]
[Black "Elissalt Cardenas, Hector"]
[Result "1/2-1/2"]
[WhiteElo "1946"]
[BlackElo "2346"]
[PlyCount "110"]
[EventDate "2018.01.08"]
[EventType "swiss"]
[EventRounds "9"]
[EventCountry "ESP"]
[SourceTitle "CBM 182 Extra"]
[Source "ChessBase"]
[SourceDate "2018.02.23"]
[SourceVersion "1"]
[SourceVersionDate "2018.02.23"]
[SourceQuality "1"]

1. d4 Nf6 2. Bf4 b6 3. e3 Bb7 4. Nf3 e6 5. Bd3 h6 6. 0-0 d6 7. h3 g5 8. Bg3 Rg8 9. Nbd2 h5 10. h4 gxh4 11. Bxh4 Be7 12. e4 Nbd7 13. Qe2 a6 14. Nh2 Ng4 15. Bxe7 Qxe7 16. f3 Nxh2 17. Kxh2 Qf6 18. Qf2 0-0-0 19. g3 h4 20. g4 Qf4+ 21. Kh3 Nf8 22. Rg1 Nh7 23. Rae1 Ng5+ 24. Kg2 f5 25. Qe3 Qxe3 26. Rxe3 fxg4 27. fxg4 Rdf8 28. Rf1 Rxf1 29. Nxf1 Rf8 30. Nh2 Rf4 31. c3 Kd8 32. Re2 Ke7 33. d5 b5 34. Rf2 Rxf2+ 35. Kxf2 exd5 36. exd5 Bxd5 37. a4 bxa4 38. Bxa6 Kf6 39. Bb5 Ke5 40. Bxa4 Kf4 41. Bd1 h3 42. Be2 Bg2 43. Bd3 Nf3 44. Nf1 Ne5 45. Be2 Bxf1 46. Bxf1 Nxg4+ 47. Ke2 Kg3 48. Bxh3 Kxh3 49. Kd3 Nf2+ 50. Kd4 Nd1 51. Kd5 c5 52. b3 Nxc3+ 53. Kxd6 Ne4+ 54. Kd5 Nd2 55. Kxc5 Nxb3+ 1/2-1/2

[Event "Madrid-ch Seniors 50"]
[Site "Madrid"]
[Date "2017.01.18"]
[Round "8"]
[White "Fernandez Garcia, Ignacio"]
[Black "Martin Martin, Luis Vicente"]
[Result "1-0"]
[WhiteElo "1833"]
[BlackElo "1943"]
[PlyCount "57"]
[EventDate "2017.01.09"]
[EventType "swiss"]
[EventRounds "9"]
[EventCountry "ESP"]
[SourceTitle "CBM 176 Extra"]
[Source "ChessBase"]
[SourceDate "2017.03.02"]
[SourceVersion "1"]
[SourceVersionDate "2017.03.02"]
[SourceQuality "1"]

1. e4 g6 2. d4 Bg7 3. Be3 c5 4. c3 cxd4 5. cxd4 d5 6. e5 Nc6 7. Nc3 f6 8. f4 Nh6 9. Nf3 Bg4 10. Bd3 fxe5 11. fxe5 0-0 12. 0-0 Nf5 13. Bxf5 Bxf5 14. Qd2 Rc8 15. Bh6 Na5 16. Bxg7 Kxg7 17. b3 Nc6 18. Ng5 Qd7 19. Ne2 h6 20. Nf3 g5 21. Nxg5 hxg5 22. Qxg5+ Bg6 23. Nf4 Rxf4 24. Rxf4 Rh8 25. Raf1 Nd8 26. h3 Rh5 27. Qg3 Kh6 28. Rf8 Kh7 29. Rh8+ 1-0

[Event "Madrid-ch Seniors 50"]
[Site "Madrid"]
[Date "2017.01.09"]
[Round "1"]
[White "Martin Martin, Luis Vicente"]
[Black "Ramos Antona, Enrique"]
[Result "1-0"]
[WhiteElo "1943"]
[BlackElo "1593"]
[PlyCount "113"]
[EventDate "2017.01.09"]
[EventType "swiss"]
[EventRounds "9"]
[EventCountry "ESP"]
[SourceTitle "CBM 176 Extra"]
[Source "ChessBase"]
[SourceDate "2017.03.02"]
[SourceVersion "1"]
[SourceVersionDate "2017.03.02"]
[SourceQuality "1"]

1. e4 c5 2. Nf3 d6 3. d4 cxd4 4. Qxd4 Nc6 5. Bb5 a6 6. Bxc6+ bxc6 7. c4 e5 8. Qd3 Be7 9. 0-0 Nf6 10. Nc3 h6 11. Rd1 Bg4 12. h3 Bxf3 13. Qxf3 Qc7 14. b3 0-0 15. Be3 Rab8 16. Rac1 a5 17. Na4 c5 18. Bd2 Nh7 19. Nc3 Nf6 20. Qe2 Rfe8 21. Qe1 Ra8 22. a4 Bf8 23. Nb5 Qb6 24. Rc3 Re6 25. Rd3 Ne8 26. f4 exf4 27. Bxf4 Qc6 28. Qg3 Rg6 29. Qh2 Rd8 30. e5 dxe5 31. Rxd8 exf4 32. Re1 Nf6 33. Nc3 Kh7 34. Rxf8 Qd6 35. Rxf7 Qd4+ 36. Kh1 Qxc3 37. Rf1 Rg3 38. Rf3 Rxf3 39. gxf3 Qxf3+ 40. Qg2 Qd1+ 41. Kh2 Nh5 42. Qe4+ Kg8 43. Rf5 Qd2+ 44. Qg2 Qd1 45. Qd5+ Qxd5 46. cxd5 Nf6 47. d6 Kf7 48. Rxc5 Ke6 49. Rxa5 Kxd6 50. Rf5 Nd5 51. Rf7 g6 52. Rg7 Ne7 53. a5 Nc6 54. Rxg6+ Kc7 55. Rxc6+ Kxc6 56. Kg2 Kb5 57. b4 1-0

[Event "Madrid-ch final"]
[Site "Madrid"]
[Date "2016.06.12"]
[Round "7"]
[White "Martin Martin, Luis Vicente"]
[Black "Aguilera Lopez, Alejandro"]
[Result "0-1"]
[WhiteElo "2017"]
[BlackElo "2011"]
[PlyCount "76"]
[EventDate "2016.06.06"]
[EventType "swiss"]
[EventRounds "7"]
[EventCountry "ESP"]
[SourceTitle "CBM 172 Extra"]
[Source "ChessBase"]
[SourceDate "2016.06.21"]
[SourceVersion "1"]
[SourceVersionDate "2016.06.21"]
[SourceQuality "1"]

1. d4 d5 2. Bf4 Nf6 3. e3 Bf5 4. c4 e6 5. Nc3 c6 6. Qb3 Qc8 7. Nf3 Nbd7 8. Rc1 Be7 9. h3 0-0 10. Be2 a5 11. 0-0 Ne4 12. cxd5 Nxc3 13. bxc3 exd5 14. c4 a4 15. Qb2 a3 16. Qb3 Nf6 17. cxd5 Nxd5 18. Bg3 Nb4 19. Nd2 Be6 20. Bc4 b5 21. Bxe6 Qxe6 22. Ra1 Rfd8 23. Qxe6 fxe6 24. Nb3 Nd3 25. Rfd1 Nb2 26. Rd2 c5 27. dxc5 Rxd2 28. Nxd2 Bxc5 29. Ne4 Be7 30. Be5 b4 31. Rb1 Nd3 32. Bd6 Bxd6 33. Nxd6 Nb2 34. Kf1 b3 35. Ra1 Nd3 36. axb3 a2 37. Ne4 Nb4 38. Nc3 Ra3 0-1